000 00354pab a2200145 454500
008 180718b1991 xxu||||| |||| 00| 0 eng d
100 _aSarkar, A.N.
245 _aJhum control programmes in the North East
260 _c1991
300 _a16-17
362 _a30 Apr.
650 _aIrrigation - India - North East
773 _aYojana
909 _a11740
999 _c11740
_d11740